Mothi Dharane (Record no. 602382)

MARC details
000 -LEADER
fixed length control field 00335nam a2200145Ia 4500
008 - FIXED-LENGTH DATA ELEMENTS--GENERAL INFORMATION
fixed length control field 100415s9999 xx 000 0 und d
082 ## - DEWEY DECIMAL CLASSIFICATION NUMBER
Item number 19485
Classification number 574.5
100 ## - MAIN ENTRY--PERSONAL NAME
Personal name CHOLKAR PARAG
245 ## - TITLE STATEMENT
Title Mothi Dharane
260 ## - PUBLICATION, DISTRIBUTION, ETC. (IMPRINT)
Place of publication, distribution, etc PUNE
Date of publication, distribution, etc 1989
Name of publisher, distributor, etc PARISAR
365 ## - TRADE PRICE
Price amount 15
630 ## - SUBJECT ADDED ENTRY--UNIFORM TITLE
Uniform title Mothi Dharane
730 ## - ADDED ENTRY--UNIFORM TITLE
Uniform title Mothi Dharane
942 ## - ADDED ENTRY ELEMENTS (KOHA)
Koha item type Book
Holdings
Withdrawn status Lost status Damaged status Not for loan Home library Current library Date acquired Cost, normal purchase price Total Checkouts Full call number Barcode Date last seen Price effective from Koha item type
        Bombay Natural History Society Bombay Natural History Society 12/18/2001 15.00   574.5 19485 BNHS-19485 04/15/2010 04/15/2010 Book